<?xml version="1.0" encoding="UTF-8"?>
<collection xmlns="http://www.loc.gov/MARC21/slim">
 <record>
  <leader>01845pamaa2200253   4500</leader>
  <controlfield tag="001">0000050848</controlfield>
  <controlfield tag="005">20130117090000.0</controlfield>
  <controlfield tag="008">121123s2012                             eng  </controlfield>
  <datafield tag="020" ind1="0" ind2="0">
   <subfield code="a">9781588268457 (pbk.) </subfield>
  </datafield>
  <datafield tag="090" ind1="0" ind2="0">
   <subfield code="a">D860 </subfield>
   <subfield code="b">INT 2012</subfield>
  </datafield>
  <datafield tag="245" ind1="0" ind2="0">
   <subfield code="a">Introducing global issues  </subfield>
   <subfield code="c">edited by Michael T. Snarr and D. Neil Snarr.</subfield>
  </datafield>
  <datafield tag="250" ind1="0" ind2="0">
   <subfield code="a">5th ed.</subfield>
  </datafield>
  <datafield tag="260" ind1="0" ind2="0">
   <subfield code="a">Boulder, Colo: </subfield>
   <subfield code="b">Lynne Rienner Publishers, </subfield>
   <subfield code="c">2012.</subfield>
  </datafield>
  <datafield tag="300" ind1=" " ind2=" ">
   <subfield code="a">xi, 371 p.: </subfield>
   <subfield code="b">ill., maps; </subfield>
   <subfield code="c">23cm.</subfield>
  </datafield>
  <datafield tag="501" ind1="0" ind2="0">
   <subfield code="a">BBIBI</subfield>
  </datafield>
  <datafield tag="504" ind1="0" ind2="0">
   <subfield code="a">Includes bibliographical references (p. 333-352) and index</subfield>
  </datafield>
  <datafield tag="505" ind1="0" ind2="0">
   <subfield code="a">Introducing globalization and global issues / Michael T. Snarr -- Weapons proliferation and conflict / Jeffrey S. Lantis -- Nationalism / Lina M. Kassem, Anthony N. Talbott, and Michael T. Snarr -- Human rights in a changing world / D. Neil Snarr and Audrey Ingram -- Global security / Jeffrey S. Lantis and Michael T. Snarr -- Free trade vs. protectionism : values and controversies / Bruce E. Moon -- The political economy of development / Mary Ellen Batiuk -- Poverty and inequality in a global economy / Don Reeves -- Population and migration / Ellen Percy Kraly, Caroline Anderson, and Fiona Mulligan -- Women and development / Elise Boulding, Michael T. Snarr, and Heather Parker -- Children / George Kent with Rachel Kent -- Health / Lori Heninger and Kelsey M. Swindler -- Sustainable development / Pam S. Chasek -- Regulating the atmospheric commons / Mark Seis -- Conflict and cooperation over natural resources / Jane A. Winzer and Deborah S. Davenport with Audrey Ingram -- Future prospects / Michael T. Snarr</subfield>
  </datafield>
  <datafield tag="650" ind1="0" ind2="0">
   <subfield code="a">International economic relations </subfield>
  </datafield>
  <datafield tag="650" ind1="0" ind2="0">
   <subfield code="a">Ecology </subfield>
  </datafield>
  <datafield tag="650" ind1="0" ind2="0">
   <subfield code="a">World politics -- </subfield>
   <subfield code="y">1989 - </subfield>
  </datafield>
  <datafield tag="650" ind1="0" ind2="0">
   <subfield code="a">Social history -- </subfield>
   <subfield code="y">1970- </subfield>
  </datafield>
  <datafield tag="700" ind1="1" ind2="1">
   <subfield code="a">Snarr, </subfield>
   <subfield code="h">Michael T. </subfield>
  </datafield>
  <datafield tag="700" ind1="1" ind2="1">
   <subfield code="a">Snarr, </subfield>
   <subfield code="h">D. Neil </subfield>
  </datafield>
  <datafield tag="901" ind1=" " ind2=" ">
   <subfield code="u">http://www.rienner.com</subfield>
  </datafield>
 </record>
</collection>
